000 00311nab a22001097u 4500
008 130520b1986 xxu||||| |||| 00| 0 spa d
041 _aspa
100 1 _aDuquoc, Christian
_93402
245 0 0 _aEl perdón de Dios
_cChristian Duquoc
773 0 _tConcilium
_gV.1,1986,págs.207-217
_x0210-1041
_wRev134
942 _cAR
999 _c355185
_d355185